00325 a2200109 4500001001000000005001700010008004100027245005500068100002300123773005200146999001700198ART_2779620260410161949.0260409a 10aGender and power in Jean Rhyss "Wide Sargasso Sea"1 aAcquarone, Cecilia0 tInveniog- Año 1, Nº 2 (nov. 1998)wREV27781 c30229d30229